Statistics for 10 Countries Most and Least likely to fight for their country

Click here to take the quiz!

General Stats

  • This quiz has been taken 46 times
  • The average score is 10 of 20

Answer Stats

CountryAmount of People in %% Correct
Germany18%
79%
India75%
79%
Pakistan89%
74%
Italy21%
71%
Japan11%
69%
Spain23%
69%
Belgium20%
62%
Netherlands15%
60%
Austria21%
57%
Afghanistan76%
55%
Vietnam89%
52%
Iceland26%
40%
Bangladesh86%
40%
Czech Republic23%
33%
Azerbaijan85%
33%
Georgia76%
29%
Morocco94%
26%
Bulgaria25%
19%
Fiji94%
12%
Papua New Guinea84%
7%

Score Distribution

Percentile by Number Answered

Percent of People with Each Score

Your Score History

You have not taken this quiz